Pokémon - Les attaques de Roucool - Statistiques

Statistiques générales
  • Ce quiz a été pris 23 fois
  • Le résultat moyen est 9 sur 14
Statistiques - réponses
Niveaux Types Noms des attaques % Correct
Départ Normal Charge
95%
Niveau 5 Sol Jet de Sable
89%
Niveau 9 Vol Tornade
84%
Niveau 37 Vol Atterrissage
79%
Niveau 33 Vol Cru-Aile
79%
Niveau 49 Vol Lame d'Air
68%
Niveau 13 Normal Vive-Attaque
68%
Niveau 45 Vol Mimique
63%
Niveau 21 Dragon Ouragan
63%
Niveau 41 Vol Vent Arrière
63%
Niveau 53 Vol Vent Violent
63%
Niveau 29 Psy Hâte
58%
Niveau 17 Normal Cyclone
37%
Niveau 25 Vol Danse-Plume
26%
Aucun quiz correspondant
Distribution des résultats
% des personnes avec chaque résultat
Percentile par nombre de réponses
Votre historique - résultats
Vous n’avez pas pris ce quiz